The spirit of kaizen : (Record no. 74076)

MARC details
000 -LEADER
fixed length control field 01034nam a22002657a 4500
005 - DATE AND TIME OF LATEST TRANSACTION
control field 20130402130921.0
008 - FIXED-LENGTH DATA ELEMENTS--GENERAL INFORMATION
fixed length control field 130402b xxu||||| |||| 00| 0 eng d
010 ## - LCCN (DPL NO)
LC control number ENG-106770
020 ## - INTERNATIONAL STANDARD BOOK NUMBER
International Standard Book Number 9781259064579
Terms of availability 295.00
020 ## - INTERNATIONAL STANDARD BOOK NUMBER
International Standard Book Number 1259064573
Terms of availability 295.00
035 ## - SYSTEM CONTROL NUMBER
System control number EN-90303
037 ## - SOURCE OF ACQUISITION
Source of stock number/acquisition DBAD/PUB
040 ## - CATALOGING SOURCE
Original cataloging agency DPL
Language of cataloging Eng
082 00 - DEWEY DECIMAL CLASSIFICATION NUMBER
Classification number 658.401
Edition number 23
100 1# - MAIN ENTRY--PERSONAL NAME
Personal name Maurer, Robert
245 14 - TITLE STATEMENT
Title The spirit of kaizen :
Remainder of title creating lasting excellence one small step at a time /
Statement of responsibility, etc by Robert Maurer
260 ## - PUBLICATION, DISTRIBUTION, ETC. (IMPRINT)
Place of publication, distribution, etc New Delhi
Name of publisher, distributor, etc Tata McGraw-Hill
Date of publication, distribution, etc c2013.
270 ## - ADDRESS
Address 7, West Patel Nagar
City New Delhi
Postal code 110008
300 ## - PHYSICAL DESCRIPTION
Extent ix, 181p.
Dimensions 19cm(pbk)
505 0# - FORMATTED CONTENTS NOTE
Formatted contents note A swift introduction to kaizen -- Boost morale -- Contain costs -- Improve quality -- Develop new products and services -- Increase sales -- Reduce health-care expenses -- When small steps are too hard : what to do.
650 #0 - SUBJECT ADDED ENTRY--TOPICAL TERM
Topical term or geographic name as entry element Organizational effectiveness.
650 #0 - SUBJECT ADDED ENTRY--TOPICAL TERM
Topical term or geographic name as entry element Organizational change.
650 #0 - SUBJECT ADDED ENTRY--TOPICAL TERM
Topical term or geographic name as entry element Management.
942 ## - ADDED ENTRY ELEMENTS (KOHA)
Source of classification or shelving scheme Dewey Decimal Classification
Item type English Books
Classification part 658.401
Call number suffix MAU
Holdings
Withdrawn status Lost status Source of classification or shelving scheme Damaged status Not for loan Collection code Home library Current library Date acquired Source of acquisition Cost, normal purchase price Total Checkouts Full call number Barcode Date last seen Copy number Cost, replacement price Koha item type
    Dewey Decimal Classification   Not For Loan Non-fiction D.B.Act.Division D.B.Act.Division 02/04/2013 DBAD/PUB 295.00   658.401 MAU EN-90303 02/04/2013 1 295.00 English Books

© Delhi Public Library
Hit Counter
free hit counter